Attacks on Justice : (Record no. 1004)

MARC details
000 -LEADER
fixed length control field 00580nam a22001697a 4500
005 - DATE AND TIME OF INPUT
control field 20231128121159.0
008 - DATA ELEMENTS--GENERAL INFORMATION
fixed length control field 231128b |||||||| |||| 00| 0 eng d
020 ## - INTERNATIONAL STANDARD BOOK NUMBER
International Standard Book Number 9290370467
041 ## - LANGUAGE CODE
Language code of text English
082 ## - SHELF NUMBER
DDC number 340.1 CEN
100 ## - MAIN AUTHOR
Language of a work English
245 ## - TITLE STATEMENT
Title Attacks on Justice :
Sub-title The Harassment and Persecution of Judges and Lawyers July 1989 - June 1990 /
Statement of responsibility, etc. edited by R Brody
260 ## - PUBLICATION, DISTRIBUTION, ETC.
Place of publication, distribution, etc. Geneva :
Name of publisher, distributor, etc. International Commission of Jurists,
Date of publication, distribution, etc. 1990
300 ## - PHYSICAL DESCRIPTION
Other physical details 107 pages ;
Dimensions 30,4 cm.
650 ## - SUBJECT`
Broad subject Legal practice
Own subject terms Law
942 ## - ADDED ENTRY ELEMENTS (KOHA)
Item type Books
942 ## - ADDED ENTRY ELEMENTS (KOHA)
-- ALISON_BN_VRIES
Holdings
Source of classification or shelving scheme Not for loan Collection code Home library Current library Shelving location Date acquired Full call number Barcode Price effective from Koha item type
Dewey Decimal Classification   TEXT BOOKS LAW SOCIETY OF NAMIBIA LIBRARY - WINDHOEK LAW SOCIETY OF NAMIBIA LIBRARY - WINDHOEK General Shelf 11/28/2023 340.1 CEN LSN/1991/4 11/28/2023 Books